Infrastructure for sustainable rural development: (Record no. 38403)

MARC details
000 -LEADER
fixed length control field 00839nam a22002177a 4500
005 - DATE AND TIME OF LATEST TRANSACTION
control field 20100731125425.0
010 ## - LCCN (DPL NO)
LC control number ENG-97458
020 ## - INTERNATIONAL STANDARD BOOK NUMBER
International Standard Book Number 9788184840513
Terms of availability 1080.00
035 ## - SYSTEM CONTROL NUMBER
System control number EN-80991
037 ## - SOURCE OF ACQUISITION
Source of stock number/acquisition DBAD/PUB
082 ## - DEWEY DECIMAL CLASSIFICATION NUMBER
Classification number 330.95452
100 ## - MAIN ENTRY--PERSONAL NAME
Personal name Tiwari, Ashok Kumar
245 ## - TITLE STATEMENT
Title Infrastructure for sustainable rural development:
Statement of responsibility, etc by Ashok Kumar Tiwari; foreword by H.S. Parmar
260 ## - PUBLICATION, DISTRIBUTION, ETC. (IMPRINT)
Place of publication, distribution, etc New Delhi
Name of publisher, distributor, etc Regal Publications
Date of publication, distribution, etc 2010
270 ## - ADDRESS
Address F-159, Rajouri Garden,
City New Delhi
Postal code 110 027
300 ## - PHYSICAL DESCRIPTION
Extent xi, 273p.
Dimensions 22 cm (Hb)
500 ## - GENERAL NOTE
General note Includes bibliagaphical references and index
700 ## - ADDED ENTRY--PERSONAL NAME
Personal name Parmar,H.S.
9 (RLIN) 3211
942 ## - ADDED ENTRY ELEMENTS (KOHA)
Source of classification or shelving scheme Dewey Decimal Classification
Item type English Books
Classification part 330.95452
Call number suffix TIW
Holdings
Withdrawn status Lost status Not for loan Collection code Home library Current library Date acquired Source of acquisition Cost, normal purchase price Full call number Barcode Copy number Cost, replacement price Koha item type
    Not For Loan Non-fiction D.B.Act.Division D.B.Act.Division 31/07/2010 DBAD/PUB 1080.00 330.95452 TIW EN-80991 1 1080.00 English Books

© Delhi Public Library
Hit Counter
free hit counter